A beginner's guide to media communications
An introduction to writing for the media, focusing on school-related publications, radio, and television, and covering such topics as newswriting, photojournalism, media ethics, and new technologies.
Guardat en:
| Autor principal: | |
|---|---|
| Format: | Llibre |
| Idioma: | Undetermined |
| Publicat: |
Chicago, Illinois
NTC
1997
|
| Matèries: | |
| Etiquetes: |
Afegir etiqueta
Sense etiquetes, Sigues el primer a etiquetar aquest registre!
|
| Thư viện lưu trữ: | Trung tâm Học liệu Trường Đại học Cần Thơ |
|---|
| LEADER | 00731nam a2200205Ia 4500 | ||
|---|---|---|---|
| 001 | CTU_108994 | ||
| 008 | 210402s9999 xx 000 0 und d | ||
| 082 | |a 808.066302 | ||
| 082 | |b G274 | ||
| 100 | |a Gause, Val | ||
| 245 | 2 | |a A beginner's guide to media communications | |
| 245 | 0 | |c Val Gause | |
| 260 | |a Chicago, Illinois | ||
| 260 | |b NTC | ||
| 260 | |c 1997 | ||
| 520 | |a An introduction to writing for the media, focusing on school-related publications, radio, and television, and covering such topics as newswriting, photojournalism, media ethics, and new technologies. | ||
| 650 | |a Mass media | ||
| 650 | |x Authorship,Juvenile literature | ||
| 904 | |i Minh | ||
| 980 | |a Trung tâm Học liệu Trường Đại học Cần Thơ | ||